000 00981nam a2200301 i 4500
001 bg
100 0 _aNadziakiewicz, Jan.
245 1 0 _aProcesy termiczne utylizacji odpadów /
_cJan Nadziakiewicz, Krzysztof Wacławiak, Sławomir Stelmach.
260 _aGliwice :
_bWydawnictwo Politechniki Śląskiej,
_c2007.
300 _a255, [1] s. :
_brys., wykr. ;
_c25 cm.
504 _aBibliogr. przy rozdz.
650 9 _aOdpady
_xunieszkodliwianie
650 9 _aPaliwa
_xtechnologia
650 9 _aSpalanie
_xtechnologia
650 9 _aPiroliza
_xstosowanie
650 9 _aZgazowanie
655 _aPodręczniki akademickie
700 1 _aWacławek, Krzysztof.
700 1 _aStelmach, Sławomir.
020 _a9788373354135
040 _cBPK
041 0 _apol
044 _aPOL
080 _a628.477:662.2:544.4](075.8)
942 _cKS
008 s pl f |000 0 pol
999 _c54453
_d54453
856 _uhttp://koha.tu.koszalin.pl/cgi-bin/koha/opac-detail.pl?biblionumber=54453
_yKatalog online BPK